| 000 | 00409nam a22001697a 4500 | ||
|---|---|---|---|
| 005 | 20180704125930.0 | ||
| 008 | 160526b xxu||||| |||| 00| 0 eng d | ||
| 041 | _aeng | ||
| 082 |
_b5272 _a658.15 |
||
| 100 |
_aKhan, M.Y.& Jain P.K. _9448 |
||
| 245 | _aFinancial Services | ||
| 250 | _a5th ed. | ||
| 260 |
_aNew Delhi _bAcademic Faundation |
||
| 300 | _a18.65p, | ||
| 650 |
_aManagement _9241 |
||
| 942 | _cBK | ||
| 999 |
_c1845 _d1844 |
||